00815nam a2200217Ii 45000010005000000030009000050080041000140400033000550410008000880820014000961100087001102450078001972640029002753000012003043360026003163370028003423380027003709400050003979990017004479520133004644685CO-ViMGA241108s9999||||xx |||||||||||||| ||und|| aCO-ViMGAbspaerdacCO-ViMGA0 aspa04a631.3 O681 aOrganización de las Naciones Unidas para Agricultura y la Alimentación,95319210aCondiciones y medios para la eficaz implantación del cultivo mecánico 1aRoma, Italia : FAO, 1968 avolumen atextbtxt2rdacontent aunmediatedbn2rdamedia avolumebnc2rdacarrier aidficha_siabuc: 4566. -- ficha_no_siabuc:4685 c49672d49672 001040708001aMEVIGERRbMEVIGERRcGENd2006-11-27o631.3 O68pECA3630r2024-11-26 09:51:19tEj.1w2024-11-26yBKz4566 | 6619